Distribution maps of pests. (Registro nro. 19566)

Detalles MARC
000 -CABECERA
Campo de control 00733nas a22002173 4500
005 - FECHA Y HORA DE LA ULTIMA TRANSACCION
Campo de control 20170608083049.0
008 - ELEMENTOS DE LONGITUD FIJA—INFORMACION GENERAL
Campo de control 920619u1988 xx u b r 0 0und
020 ## - ISBN
ISBN 952-634X
040 ## - FUENTE DE CATALOGACIÓN
Agencia catalogadora original CO-BoIAVH
Agencia transcriptora CO-BoIAVH
041 0# - IDIOMA
Código de idioma para texto/pista de sonido o título separado Español
044 ## - PAÍS DE PUBLICACIÓN
País de publicación Reino Unido
082 14 - NUMERO DE CLASIFICACION DECIMAL DEWEY
Número de clasificación 571.9209
Número del ítem C11d
245 00 - MENCION DE TITULO
Título Distribution maps of pests.
260 ## - PUBLICACION, DISTRIBUCION, ETC. (PIE DE IMPRENTA)
Lugar de publicación, distribución, etc. Great Britain.
Nombre del editor, distribuidor, etc. CAB International,
Fecha de publicación, distribución, etc. 1988-.
300 ## - DESCRIPCION FISICA
Otros detalles físicos mapas
Extensión Mapas del 1 al 537
546 ## - NOTA DE IDIOMA
Nota de idioma Material descrito en inglés
650 26 - ASIENTO SECUNDARIO DE MATERIA - TERMINO TEMATICO
Término temático o nombre geográfico como elemento de entrada Plantas
Subdivisión general Distribución de plagas
Subdivisión de forma Mapas
-- Publicaciones seriadas
650 26 - ASIENTO SECUNDARIO DE MATERIA - TERMINO TEMATICO
Término temático o nombre geográfico como elemento de entrada Plantas
Subdivisión general Distribución de enfermedades
Subdivisión de forma Mapas
-- Publicaciones seriadas
710 2# - ASIENTO SECUNDARIO - NOMBRE CORPORATIVO
Nombre corporativo o de jurisdicción como elemento de entrada CAB Internationan Institute of Entomology
942 ## - ELEMENTOS ADICIONALES (KOHA)
Sistema de clasificación Dewey Decimal Classification
Tipo de ítem Mapa
Existencias
Withdrawn status Lost status Sistema de Clasificación Damaged status No para préstamo Colección Ubicación Permanente Ubicación actual Fecha de adquisición Total Checkouts Número topográfico Inventario / Código de Barras Date last seen Ejemplar Price effective from Forma de adquisición Tipo de material
    Dewey Decimal Classification     General Bogotá Bogotá 08/06/2017   LB-571.9209 C11d 041091 08/06/2017 Ej. 1 08/06/2017 Donación Mapa